00727 2200265 4500001002100000005001700021008004100038020001800079035002400097082001300121090002000134100002200154245007500176250001100251260003000262300003100292500002700323500001100350650004000361850001500401980001100416985000600427986001300433999001500446YOGYA-0209000001256120090227022234.0 ind  a979-552-031-8 0010-020900000012561 a001.6424 a001.6424bWij K aWIJELA, Michael R aKursus kilat 24 jurus word perfect 5.1cdisusun oleh Michael R. Wijela aCet. 3 aJakartabDinastindoc1995 axiii, 134 hlmbilusc21 cm aBibliografi : hlm. 131 aIndeks aWord perfect 5.1 (Program komputer) aYOPDYOG(B) a020605 a1 afwhrtrev a95P0070218